000 00648nam a2200217 u 4500
001 000497862
003 AM-YeHGA
005 20250618072644.0
008 060815s2006 ai | |||||||||||||arm|d
020 _a9994111825
040 _aAM-YeHGA
041 0 _aarm
100 1 _aԳալստյան, Անահիտ Սերգեյի
245 1 0 _aՄանկական խոսք /
_cԱ. Գալստյան.
246 1 _aДетская речь
246 1 _aChildren's language
260 _aԵրևան :
_b"Զանգակ -97",
_c2006.
300 _a93 էջ ;
_c20 սմ.
650 1 4 _aՀայ մանկական գրականություն
_95413
090 _c185523
999 _c184068
_d184068